000
003200000a22001450004500
003
MACL
040
_a
MACL
090
_c
45320
_d
45318
100
_a
Pandey,N Ravi
245
_a
Science Quiz
260
_a
New Delhi
_b
Gracy Books
_c
2010
350
_a
450.00
650
_a
Genral knowledge
942
_c
BOOK
_k
CRE001
_l
001/PAN
999
_c
44849
_d
44849